| 000 | 00606nam a2200241Ia 4500 | ||
|---|---|---|---|
| 005 | 20250425162009.0 | ||
| 008 | 250425s9999 xx 000 0 und d | ||
| 020 | _a8425210178 | ||
| 041 | _aspa | ||
| 082 | _a621.904 | ||
| 100 | _aCARNICER ROYO, ENRIQUE | ||
| 245 | 0 | _aEQUIPOS Y HERRAMIENTAS NEUMATICAS: AIRE COMPRIMIDO | |
| 250 | _a1A ED. | ||
| 260 | _aBARCELONA | ||
| 260 |
_aEspaƱa _bGUSTAVO GILI _c1981 |
||
| 300 | _a299 | ||
| 650 | _aEQUIPO NEUMATICO | ||
| 650 | _aHERRAMIENTAS | ||
| 650 | _aHERRAMIENTAS NEUMATICAS | ||
| 650 | _aSERVOMECANISMOS | ||
| 942 | _c01 | ||
| 010 | _a39289 | ||
| 999 |
_c220321 _d220321 |
||